| 000 | 00878nam a2200253Ia 4500 | ||
|---|---|---|---|
| 003 | OSt | ||
| 005 | 20220926012309.0 | ||
| 006 | a|||||r|||| 00| 0 | ||
| 007 | ta | ||
| 008 | 220923b |||||||| |||| 00| 0 eng d | ||
| 020 |
_a9781107041325 _c4824.6000000000004 |
||
| 037 |
_bRKBA\09-10\5461, 11/03/2015, RAJKIRAN BOOK AGENCY _cGeneral Book |
||
| 040 |
_aRTL _cRTL _beng |
||
| 041 |
_2eng _aeng |
||
| 082 | _aY15-16:3(S5), Q3 | ||
| 100 |
_aROSENBLATT Paul C. _9316056 |
||
| 245 | 0 | _aKnowing and not knowing in intimate relationship | |
| 260 |
_aNew York _bCambridge University Press _c2013 |
||
| 300 |
_aviii,198p _ccm. |
||
| 650 | _aSociology | ||
| 700 |
_a WIELLING Elizabeth _9316057 |
||
| 942 |
_hY15-16:3(S5), Q3 _cGB _2CC |
||
| 999 |
_c622424 _d622424 |
||